| 000 | 01304nam a22002297a 4500 | ||
|---|---|---|---|
| 003 | BD-DhJNU | ||
| 005 | 20260511030601.0 | ||
| 008 | 260510b |||||||| |||| 00| 0 eng d | ||
| 020 | _a9788197895920 | ||
| 040 |
_aBD-DhJNU _bBEN _cBD-DhJNU _dBD-DhJNU |
||
| 082 |
_223 _a954.03 |
||
| 100 | _aগুহ, শ্রী রজনীকান্ত | ||
| 242 |
_aBritish rule and nationwide discontent : _bregarding the swadeshi movement / _cShri Rajinikanth Guha |
||
| 245 |
_aইংরেজ শাসন ও দেশব্যাপী অসন্তোষ : _bস্বদেশী আন্দোলন প্রসঙ্গে / _cশ্রী রজনীকান্ত গুহ |
||
| 260 |
_aকলকাতা : _bপঞ্চালিকা প্রকাশনী, _c2024. |
||
| 300 |
_a১৮৫ পৃ. : _bচিত্র ; _c১৮ সেমি.। |
||
| 504 | _aগ্রন্থপঞ্জিগত নির্দেশিকা ও নিঘন্ট অন্তভূক্ত | ||
| 650 | _aIndian History -- British occupation | ||
| 650 | _aভারত ইতিহাস -- ব্রিটিশ দখলদারিত্ব | ||
| 650 | _aভারতের স্বাধীনতা আন্দোলন—১৯শ-২০শ শতাব্দী | ||
| 942 |
_2ddc _cBK _n0 |
||
| 999 |
_c2773 _d2773 |
||